| 000 | 01112cam a22002775a 4500 | ||
|---|---|---|---|
| 001 | 12271893 | ||
| 005 | 20180102104538.0 | ||
| 008 | 100520s2006 ii a fr 000 0 eng d | ||
| 020 | _a9788131204535 (v. 1) | ||
| 020 | _z8131204537 (v. 1) | ||
| 040 |
_aKNOVL _beng _cKNOVL _dGZM _dIDEBK _dOCLCQ _dORU _dN$T _dYDXCP _dOCLCQ _dOPELS _dKNOVL _dOCLCF _dEG-ScBUE |
||
| 082 | 0 | 4 |
_a660.076 _bCOU _222 |
| 100 | 1 |
_aCoulson, J. M. _q(John Metcalfe) _938445 |
|
| 245 | 1 | 0 |
_aCoulson & Richardson's chemical engineering / _cJ. M. Coulson, J. F. Richardson. |
| 246 | 3 | _aCoulson and Richardson's chemical engineering | |
| 246 | 3 | 0 | _aChemical engineering |
| 260 |
_aNew Delhi : _bButterworth-Heinemann / Elsevier, _c2006. |
||
| 300 |
_a1 v. : _bill. ; _c25 cm. |
||
| 490 | 0 | _achemical engineering series | |
| 505 | 2 |
_tv. 1. Solutions to the problem in chemical engineering / _rJ. R. Backhurst, J. H. Harker and J. F. Richardson. |
|
| 650 | 7 |
_aChemical engineering _vProblems, exercises, etc. _2BUEsh _97824 |
|
| 651 | _2BUEsh | ||
| 653 |
_bENGCHE _cJanuary2018 |
||
| 700 | 1 |
_aRichardson, J. F. _q(John Francis) _938446 |
|
| 942 | _2ddc | ||
| 999 |
_c25834 _d25806 |
||